The quantum dot : A journey into the future of microelectronics
Сохранить в:
| Главный автор: | |
|---|---|
| Формат: | |
| Язык: | Undetermined |
| Опубликовано: |
New York
Oxford University Press
1995
|
| Предметы: | |
| Метки: |
Добавить метку
Нет меток, Требуется 1-ая метка записи!
|
| Thư viện lưu trữ: | Trung tâm Học liệu Trường Đại học Cần Thơ |
|---|
| LEADER | 00612nam a2200205Ia 4500 | ||
|---|---|---|---|
| 001 | CTU_97825 | ||
| 008 | 210402s9999 xx 000 0 und d | ||
| 082 | |a 537.6 | ||
| 082 | |b T962 | ||
| 100 | |a Turton, Richard | ||
| 245 | 4 | |a The quantum dot : | |
| 245 | 2 | |b A journey into the future of microelectronics | |
| 245 | 0 | |c Richard Turton | |
| 260 | |a New York | ||
| 260 | |b Oxford University Press | ||
| 260 | |c 1995 | ||
| 650 | |a Microelectronics,Semiconductors,Quantum theory,Quantum dots | ||
| 650 | |x Technoligial innovations | ||
| 904 | |i M.Loan | ||
| 980 | |a Trung tâm Học liệu Trường Đại học Cần Thơ | ||